00317nam a2200109Ia 45000010005000000080041000050200022000460820020000681000020000882450061001082600038001694263241024s9999 xx 000 0 und d a978-1-61161-226-4 aRD/370.11/B134v aRoberto Badenas 0aEl valor de los valores. Importancia de su transmisión bPublicadora inateramericanac2013